000 00763nam a2200181 a 4500
008 100616s2005 ||||||||||||||||| || u
050 _aIBRD(08)
100 _aYang, Dean
245 1 0 _aInternational migration, human capital, and entreprenuership: evidence from the philippine migrants exchange rate shocks
_cby Dean Yang
260 _aWashington, D. C.
_bWorld Bank
_c2005
300 _a36p.: ill
350 _a0.00
490 _aPolicy Research Working Paper
650 _aENTREPRENUERSHIP
650 7 _aMIGRATION
_2gnd
650 _aMIGRATION, INTERNATIONAL--STATISTICS--EUROPE, EASTERN
995 _D0.00
_FCBU-MAIN LIBRARY (Kitwe)
_H1
_I0.00
_M1
_UAVAILABLE
_WJun 16, 2010
_ZInternational Publications
999 _c47447
_d47447